Cao Bá Quát : một đời thơ suy tưởng

Sparad:
Bibliografiska uppgifter
Huvudupphovsman: Nguyễn, Hữu Sơn
Materialtyp: Bok
Språk:Undetermined
Publicerad: Thành phố Hồ Chí Minh Trẻ 2005
Ämnen:
Taggar: Lägg till en tagg
Inga taggar, Lägg till första taggen!
Thư viện lưu trữ: Trung tâm Học liệu Trường Đại học Cần Thơ
LEADER 00606nam a2200217Ia 4500
001 CTU_103842
008 210402s9999 xx 000 0 und d
020 |c 15000 
082 |a 807 
082 |b S464 
100 |a Nguyễn, Hữu Sơn 
245 0 |a Cao Bá Quát : 
245 0 |b một đời thơ suy tưởng 
245 0 |c Nguyễn Hữu Sơn 
260 |a Thành phố Hồ Chí Minh 
260 |b Trẻ 
260 |c 2005 
650 |a Vietnamese poetry 
650 |x History and criticism 
904 |i Minh 
980 |a Trung tâm Học liệu Trường Đại học Cần Thơ